00767nam a22001697a 4500003000900000008004100009040007100050082002500121100002200146245013200168260002200300300002800322505018700350650001700537650002100554650002200575AR-CdUCM190311b ||||| |||| 00| 0 spa d aMUNICIPALIDAD PROVINCIAL DEL CUSCOcBIBLIOTECA MUNICIPAL DEL CUSCO 23 ed.a373.82 /bP89 aPuccinelli, Jorge aHistoria de la Literatura :blas letras castellanas desde los orígenes hasta el siglo XVIII en los textos y en la crítica / aLima :bPaideida. a218 páginas ;c24 cm. aContenido: Introducción al estudio de la literatura -- Esquema de la literatura Española -- Un geografía literaria de España -- Cantar de Mio Cid -- El teatro castellano ...  aLope de Vega aPoesía épica aNovela picaresca